Music Quiz

Random Music or Song Quiz

Guess The Nightwish Lyrics 5 Quiz Stats

 Plays Quiz not verified by Sporcle

Challenge
Share
Tweet
Embed
Score 0/158 Timer 07:00
0 Plays Today
% Correct
a
93.3%
a
93.3%
The
93.3%
a
93.3%
The
93.3%
the
93.3%
and
93.3%
A
93.3%
and
93.3%
And
93.3%
a
93.3%
the
93.3%
The
93.3%
the
93.3%
a
93.3%
you
80.5%
you
80.5%
you
80.5%
you
80.5%
you
80.5%
you
80.5%
you
80.5%
in
76.4%
in
76.4%
in
76.4%
in
76.4%
on
74.9%
me
74.9%
me
74.9%
on
74.9%
to
74.4%
to
74.4%
to
74.4%
To
74.4%
to
74.4%
to
74.4%
we
71.8%
for
68.2%
Be
68.2%
for
68.2%
for
68.2%
with
65.1%
Once
64.6%
upon
64.6%
de
64.6%
will
64.1%
will
64.1%
time
63.6%
Time
63.6%
Your
63.1%
of
62.1%
of
62.1%
of
62.1%
% Correct
of
62.1%
This
60.5%
welcome
57.9%
show
57.4%
show
57.4%
cook
56.9%
eat
56.9%
child
56.4%
Ladies
56.4%
Child
56.4%
daymare
55.9%
Enter!
55.4%
Enter!
55.4%
dead
55.4%
pigs
55.4%
with
54.9%
have
54.9%
with
54.9%
still
54.4%
Tick
54.4%
tock
54.4%
Tick
54.4%
tock
54.4%
Tick
54.4%
tock
54.4%
tonight
54.4%
still
54.4%
Dying
53.3%
meet
53.3%
what
53.3%
bride
52.8%
gentlemen
52.3%
little
51.8%
cradle
51.8%
clock
51.8%
rocks
51.3%
sideshow
50.8%
bed
50.8%
man's
50.8%
innocence
50.8%
heartlessly
49.2%
Cirque
49.2%
dear
48.7%
squealing
48.7%
chimes
48.2%
lure
48.2%
shoes
48.2%
bite
47.7%
bite
47.7%
Morgue
47.7%
their
47.7%
their
47.7%
Burning
47.2%
% Correct
poison
47.2%
put
47.2%
dancing
47.2%
sweet
45.6%
Thirteen
45.1%
feed
45.1%
evil
45.1%
farms
45.1%
Oh
44.6%
Restless
44.1%
snakes
43.1%
Mindless
42.1%
souls
41.5%
ghouls
41.5%
need
41%
pool
41%
swim
41%
noose
41%
fear
39.5%
tightening
39.5%
boiled
39%
are
39%
lose
38.5%
Illusionists
38.5%
spiders
38.5%
lot
37.9%
limbs
37.9%
tentacles
37.9%
walkers
34.9%
contortionists
34.4%
Tightrope
34.4%
All
32.8%
Laughing
31.8%
closet
31.3%
Horde
30.3%
harpies
30.3%
pendulum
30.3%
talons
29.7%
Ripping
28.7%
per
28.7%
sher
26.7%
Such
26.7%
kingdom
26.7%
sways
26.2%
here
26.2%
corner
25.6%
cinders
25.6%
darks
23.6%
Fallen
23.6%
mirrors
23.6%
vis
22.6%
kris
17.9%

You're not logged in!

Compare scores with friends on all Sporcle quizzes.
OR
Log In

You Might Also Like...

Show Comments

Extras

Created Nov 10, 2012ReportNominate
Tags:Lyrics Quiz, Song Quiz, nightwish

Top Quizzes Today


Score Distribution

Your Account Isn't Verified!

In order to create a playlist on Sporcle, you need to verify the email address you used during registration. Go to your Sporcle Settings to finish the process.

Report this User

Report this user for behavior that violates our Community Guidelines.

Details: